000 01397nam a2200349 a 4500
001 ebr10488665
003 CaPaEBR
006 m u
007 cr cn|||||||||
008 110303s2011 vau sb 001 0 eng d
010 _z 2011007945
020 _z9781416612049 (pbk. : alk. paper)
020 _z9781416613596 (e-book)
040 _aCaPaEBR
_cCaPaEBR
035 _a(OCoLC)747045951
050 1 4 _aLB1029.G55
_bP68 2011eb
082 0 4 _a371.102
_222
100 1 _aPowell, William.
245 1 0 _aHow to teach now
_h[electronic resource] :
_bfive keys to personalized learning in the global classroom /
_cWilliam Powell and Ochan Kusuma-Powell.
260 _aAlexandria, Va. :
_bASCD,
_cc2011.
300 _aix, 178 p.
504 _aIncludes bibliographical references and index.
533 _aElectronic reproduction.
_bPalo Alto, Calif. :
_cebrary,
_d2011.
_nAvailable via World Wide Web.
_nAccess may be limited to ebrary affiliated libraries.
650 0 _aGlobal method of teaching.
650 0 _aEducational technology.
650 0 _aEducation
_xEffect of technological innovations on.
650 0 _aInternational education.
655 7 _aElectronic books.
_2local
700 1 _aKusuma-Powell, Ochan.
710 2 _aebrary, Inc.
856 4 0 _uhttp://site.ebrary.com/lib/rucke/Doc?id=10488665
_zAn electronic book accessible through the World Wide Web; click to view
999 _c226402
_d226402